Transfert les plus chers du Racing club de Strasbourg - Statistiques

Statistiques générales
  • Ce quiz a été pris 80 fois
  • Le résultat moyen est 10 sur 15
Statistiques - réponses
prix club vendeur nationalité poste Réponse % Correct
10 M Metz Sénégal Attaquant Habib Diallo
93%
13 M Sturm Graz Pays-Bas Attaquant Emanuel Emegha
90%
10 M Bordeaux France Ailier Dilane Bakwa
89%
20 M Club Brugges Côte d'Ivoire Déf central Abakar Sylla
82%
4 M Newcastle United Belgique Gardien Matz Sels
82%
4 M Lille OSC Afrique du Sud Attaquant Lebo Mothiba
77%
10 M Bordeaux France Milieu déf Junior Mwanga
75%
4,5 M SM Caen Ghana Déf central Alexander Djiku
62%
3 M AS Monaco Côte d'Ivoire Milieu déf Jean-Eudes Aholou
62%
3 M AS Saint-Etienne Guinée Déf central Saïdou Sow
57%
3 M La Gantoise Serbie Déf central Stefan Mitrovic
56%
4,5 M IMT Belgrade Serbie Attaquant Milos Lukovic
52%
5,5 M Vélez Sarsfield Paraguay Gardien José Luis Chilavert
39%
2,7 M FC Sochaux Montbélliard Serbie Attaquant Danijel Ljuboja
23%
4,5 M Deportivo La Corogne France Milieu off Corentin Martins
16%
Aucun quiz correspondant
Distribution des résultats
% des personnes avec chaque résultat
Percentile par nombre de réponses
Votre historique - résultats
Vous n’avez pas pris ce quiz